City Of My Heart/ (Record no. 202402)

MARC details
000 -LEADER
fixed length control field 00567nam a22001817a 4500
005 - DATE AND TIME OF LATEST TRANSACTION
control field 20240430104351.0
010 ## - LCCN (DPL NO)
LC control number ENG-140236
020 ## - INTERNATIONAL STANDARD BOOK NUMBER
Terms of availability 499.00
International Standard Book Number 9789351952589
035 ## - SYSTEM CONTROL NUMBER
System control number EN-123768
037 ## - SOURCE OF ACQUISITION
Source of stock number/acquisition DBAD
082 ## - DEWEY DECIMAL CLASSIFICATION NUMBER
Classification number 954.16
245 ## - TITLE STATEMENT
Title City Of My Heart/
Statement of responsibility, etc By Rana Safvi
260 ## - PUBLICATION, DISTRIBUTION, ETC. (IMPRINT)
Place of publication, distribution, etc Gurugram
Name of publisher, distributor, etc Hachette Book Publishing India Pvt.Ltd
Date of publication, distribution, etc 2018
270 ## - ADDRESS
Address 4th and 5th Floors, Corporate Centre Plot No.94,Sector 44,
City Gurugram
Postal code 122003
300 ## - PHYSICAL DESCRIPTION
Extent 247p.
Dimensions 21cm(pb)
500 ## - GENERAL NOTE
General note FOR Dilli and Dilliwaalas
942 ## - ADDED ENTRY ELEMENTS (KOHA)
Source of classification or shelving scheme Dewey Decimal Classification
Item type English Books
Call number suffix CIT
Classification part 954.16
Holdings
Withdrawn status Lost status Not for loan Collection code Home library Current library Date acquired Source of acquisition Cost, normal purchase price Full call number Barcode Copy number Cost, replacement price Koha item type
      Non-fiction Ashok Vihar Ashok Vihar 29/04/2024 DBAD 499.00 CIT 954.16 EN-123768 1 499.00 English Books

© Delhi Public Library
Hit Counter
free hit counter